000 00384nam a2200133Ia 4500
008 220217s9999||||xx |||||||||||||| ||und||
020 _a07-069-8460-9
082 _a025.403 2 KUM
100 _aKumar, Krishna
_96038
245 0 _aLibrary administration and management
260 _aVikas publishing house pvt. ltd.
_bBangalore
_c2008
300 _b165
650 _aGENERAL BOOKS
999 _c177357
_d177357